Evidence-based teaching in nursing : (Record no. 18500)
[ view plain ]
| 000 -LEADER | |
|---|---|
| fixed length control field | 01486cam a22003134a 4500 |
| 001 - CONTROL NUMBER | |
| control field | 16441987 |
| 005 - DATE AND TIME OF LATEST TRANSACTION | |
| control field | 20141023153911.0 |
| 008 - FIXED-LENGTH DATA ELEMENTS--GENERAL INFORMATION | |
| fixed length control field | 100831t2012 xxua frb 001 0 eng d |
| 010 ## - LIBRARY OF CONGRESS CONTROL NUMBER | |
| LC control number | 2010037479 |
| 020 ## - INTERNATIONAL STANDARD BOOK NUMBER | |
| International Standard Book Number | 9780763785758 (pbk.) |
| 020 ## - INTERNATIONAL STANDARD BOOK NUMBER | |
| International Standard Book Number | 076378575X (pbk.) |
| 040 ## - CATALOGING SOURCE | |
| Original cataloging agency | DNLM/DLC |
| Transcribing agency | DLC |
| Modifying agency | YDX |
| -- | BTCTA |
| -- | NLM |
| -- | YDXCP |
| -- | BWX |
| -- | DLC |
| -- | EG-ScBUE |
| 082 00 - DEWEY DECIMAL CLASSIFICATION NUMBER | |
| Classification number | 610.73076 |
| Edition number | 22 |
| Item number | CAN |
| 100 1# - MAIN ENTRY--PERSONAL NAME | |
| Personal name | Cannon, Sharon, |
| Dates associated with a name | 1940- |
| 9 (RLIN) | 36328 |
| 245 10 - TITLE STATEMENT | |
| Title | Evidence-based teaching in nursing : |
| Remainder of title | a foundation for educators / |
| Statement of responsibility, etc | Sharon Cannon, Carol Boswell. |
| 246 3# - VARYING FORM OF TITLE | |
| Title proper/short title | Evidence based teaching in nursing |
| 260 ## - PUBLICATION, DISTRIBUTION, ETC. (IMPRINT) | |
| Place of publication, distribution, etc | Sudbury, United States : |
| Name of publisher, distributor, etc | Jones & Bartlett Learning, |
| Date of publication, distribution, etc | c.2012. |
| 300 ## - PHYSICAL DESCRIPTION | |
| Extent | x, 305 p. : |
| Other physical details | tables ; |
| Dimensions | 23 cm. |
| 500 ## - GENERAL NOTE | |
| General note | Index : p. 299-305. |
| 504 ## - BIBLIOGRAPHY, ETC. NOTE | |
| Bibliography, etc | Includes bibliographical references. |
| 505 0# - FORMATTED CONTENTS NOTE | |
| Formatted contents note | Overview of evidence-based practice-The role of the academian -The teaching experience in nursing-Ethics in teaching-Connection between evidence-based practice and nursing education-Classroom educational experiences-Online educational experiences-Clinical educational experiences-Program evaluation-Competency and certification-Future perspectives. |
| 650 #0 - SUBJECT ADDED ENTRY--TOPICAL TERM | |
| Topical term or geographic name as entry element | Nursing |
| General subdivision | Study and teaching |
| 9 (RLIN) | 36329 |
| 650 12 - SUBJECT ADDED ENTRY--TOPICAL TERM | |
| Topical term or geographic name as entry element | Education, Nursing |
| General subdivision | methods |
| 9 (RLIN) | 36331 |
| 650 22 - SUBJECT ADDED ENTRY--TOPICAL TERM | |
| Topical term or geographic name as entry element | Evidence-Based Nursing |
| General subdivision | methods |
| 9 (RLIN) | 36333 |
| 653 ## - INDEX TERM--UNCONTROLLED | |
| Resource For college | Nursing |
| Arrived date list | October2014 |
| 655 ## - INDEX TERM--GENRE/FORM | |
| Form subdivision | |
| -- | 34232 |
| 700 1# - ADDED ENTRY--PERSONAL NAME | |
| Personal name | Boswell, Carol. |
| 9 (RLIN) | 36330 |
| 942 ## - ADDED ENTRY ELEMENTS (KOHA) | |
| Source of classification or shelving scheme | Dewey Decimal Classification |
| Call number prefix | 610.73076 CAN |
| Withdrawn status | Item status | Source of classification or shelving scheme | Damaged status | Not for loan | Vendor | Home library | Current library | Shelving location | Date acquired | Source of acquisition | Cost, normal purchase price | Serial Enumeration / chronology | Total Checkouts | Total Renewals | Full call number | Barcode | Date last seen | Date last borrowed | Cost, replacement price | Koha item type |
|---|---|---|---|---|---|---|---|---|---|---|---|---|---|---|---|---|---|---|---|---|
| Dewey Decimal Classification | Baccah | Central Library | Central Library | First floor | 23/10/2014 | 316.00 | 20526 | 2 | 2 | 610.73076 CAN | 000036783 | 15/07/2025 | 18/03/2015 | 395.00 | Book - Borrowing |